Zanjir pari darwazy mein : (Record no. 332205)

000 -LEADER
fixed length control field nam a22 7a 4500
003 - CONTROL NUMBER IDENTIFIER
control field NUST
005 - DATE AND TIME OF LATEST TRANSACTION
control field 20171120100720.0
008 - FIXED-LENGTH DATA ELEMENTS--GENERAL INFORMATION
fixed length control field 171120b xxu||||| |||| 00| 0 eng d
020 ## - INTERNATIONAL STANDARD BOOK NUMBER
International Standard Book Number 9789694164045
040 ## - CATALOGING SOURCE
Transcribing agency NUST
082 ## - DEWEY DECIMAL CLASSIFICATION NUMBER
Classification number 297.2
Author Mark UMA
100 ## - MAIN ENTRY--PERSONAL NAME
Personal name Umar, Muhammad Suhail
9 (RLIN) 6523
245 ## - TITLE STATEMENT
Title Zanjir pari darwazy mein :
Remainder of title bab ijtehad band hony kay bary mein ikhtalafi aara ka aik jaiza/
Statement of responsibility, etc. by Muhammad Suhail Umar
260 ## - PUBLICATION, DISTRIBUTION, ETC.
Place of publication, distribution, etc. Lahore:
Name of publisher, distributor, etc. Iqbal academy,
Date of publication, distribution, etc. 2008
300 ## - PHYSICAL DESCRIPTION
Extent 59 p.
650 ## - SUBJECT ADDED ENTRY--TOPICAL TERM
Topical term or geographic name entry element Islam- Ijtehad
9 (RLIN) 6524
880 ## - ALTERNATE GRAPHIC REPRESENTATION
Linkage 100-01\(3\r
Title محمد سہیل عمر
880 ## - ALTERNATE GRAPHIC REPRESENTATION
Linkage 245-02\(3\r
Title زنجیر پڑی دروازے میں:
b باب اجتہاد بند ہونے کے بارے میں اختلافی آرا کا ایک جائزہ
c محمد سہیل عمر
880 ## - ALTERNATE GRAPHIC REPRESENTATION
Linkage 260-03\(3\r
Title لاہور:
b اقبال اکادمی،
c 2008
942 ## - ADDED ENTRY ELEMENTS (KOHA)
Source of classification or shelving scheme
Koha item type Book
Holdings
Withdrawn status Lost status Source of classification or shelving scheme Damaged status Not for loan Collection code Permanent Location Current Location Shelving location Date acquired Total Checkouts Full call number Barcode Date last seen Date last checked out Copy number Price effective from Koha item type
            Central Library (CL) Central Library (CL) First Floor - Islam 11/20/2017 1 297.2 UMA CL2116 03/19/2021 11/20/2020 1 11/20/2017 Book
© 2023 Central Library, National University of Sciences and Technology. All Rights Reserved.